| 000 | 00739nam a22002777a 4500 | ||
|---|---|---|---|
| 999 |
_c200459915 _d78127 |
||
| 003 | TR-AnTOB | ||
| 005 | 20240425092925.0 | ||
| 008 | 240425b ||||| |||| 00| 0 tur d | ||
| 020 | _a9786052421192 | ||
| 040 |
_aTR-AnTOB _beng _cTR-AnTOB _erda |
||
| 041 | _atur | ||
| 092 |
_a551.21 _bSCH 2020 |
||
| 100 | _0Schreiber, Anne | ||
| 245 | _aYanardağlar | ||
| 250 | _a3 | ||
| 264 |
_aİstanbul: _bBeta Kids; _c2020 |
||
| 300 |
_a[32] pages: _billustrations; _c20 cm |
||
| 336 |
_2rdacontent _atext _btxt |
||
| 337 |
_2rdamedia _aunmediated _bn |
||
| 338 |
_2rdacarrier _avolume _bnc |
||
| 490 | _v3 | ||
| 653 | _ayanardağ, national geographic kids | ||
| 942 |
_2ddc _cBK |
||